Countries Closest to The Bahamas - Sudden Death - Statistics

General Stats
  • This quiz has been taken 31 times
    25 since last reset
  • The average score is 3 of 15
Answers on the Grid
Answers color-coded by a green-red scale on the quiz's grid according to % correct below.
Cuba
United States
Haiti
Dominican Republic
Jamaica
Mexico
Colombia
Honduras
Belize
Venezuela
Nicaragua
Guatemala
Saint Kitts and Nevis
Antigua and Barbuda
El Salvador
Mauritania
Canada
Ecuador
Peru
Bolivia
Guyana
Suriname
Brazil
Chile
Paraguay
Saint Lucia
Dominica
Saint Vincent and the Grenadines
Trinidad and Tobago
Morocco
 
Answer Stats
Answer % Correct
Haiti
50%
Dominican Republic
38%
United States
38%
Cuba
25%
Jamaica
25%
Saint Kitts and Nevis
25%
Antigua and Barbuda
13%
Belize
13%
Guatemala
13%
Honduras
13%
Mexico
13%
Nicaragua
13%
Colombia
0%
El Salvador
0%
Venezuela
0%
No matching quizzes found
Score Distribution
Percent of People with Each Score
Percentile by Number Answered
Your Score History
You have not taken this quiz since the last reset